00837nam a22002057a 4500999001900000005001700019010001500036020003000051035001400081037001300095082001100108100002100119245009300140260006100233270007700294300007100371700001900442942002500461952014500486 c177383d17738320210219154110.0 aENG-129043 c599.00a978-1-4721-4296-2 aEN-112575 bDBAD/PUB a304.62 aBricker, Darrell aEmpty Planet: the shock of global population decline/cDarrell Bricker and John Ibbitson aGurugrambHachette Book Publishing India Pvt. Ltd.c2019 bGurugrama4th/5th Floors, Corporate Centre, Plot No- 94, Sec- 44e122003 a288p.c24cm(pbk)bIncluding bibliographical references and index. aIbbitson, John 2ddccENh304.62mBRI 001040708NFICaAVbAVd2021-02-19eDBAD/PUBg599.00l1o304.62 BRIpEN-112575r2022-01-03 00:00:00s2021-12-27t1v599.00w2021-02-19yEN